000
00194nam a22000857a 4500
001
1235785
005
20250930164251.0
245
_a
VAY VAY SAMURAY!
_c
JON SCİESZKA
260
_b
GÜNIŞIĞI YAYINLARI
999
_c
1235785
_d
1235785